Normal view
MARC view
Entry Topical Term
001 - CONTROL NUMBER
- control field: 25585
003 - CONTROL NUMBER IDENTIFIER
- control field: OSt
005 - DATE AND TIME OF LATEST TRANSACTION
- control field: 20230609140953.0
008 - FIXED-LENGTH DATA ELEMENTS
- fixed length control field: 230609|| aca||aabn | a|a d
040 ## - CATALOGING SOURCE
- Original cataloging agency: OSt
- Transcribing agency: OSt
150 ## - HEADING--TOPICAL TERM
- Topical term or geographic name entry element: ၶေႃႈသင်ႇသွၼ်
670 ## - SOURCE DATA FOUND
- Source citation: Work cat.: (OSt): ထမ်ႇမသႃႇမိ၊ ၸဝ်ႈၶူး Dr. ၶမ်းမၢႆ။ 25584, မႄႈတေလၢတ်ႈၼႄလုၵ်ႈၵဝ်ၽွင်ႈ - Let me tell you something, my Children /, 2008 ။